[Event "FIDE World Bl Team Final"]
[Site "Almaty KAZ"]
[Date "2024.08.05"]
[Round "1.1"]
[White "Salimova, Nurgyul"]
[Black "Nurman, Alua"]
[Result "1-0"]
[WhiteTitle "IM"]
[BlackTitle "WIM"]
[WhiteElo "2412"]
[BlackElo "2324"]
[WhiteTeam "GMHans.com"]
[BlackTeam "Royal Chess"]
[WhiteFideId "2915138"]
[BlackFideId "13729390"]
[EventDate "2024.08.05"]

1. d4 Nf6 2. Nf3 g6 3. c4 Bg7 4. Nc3 O-O 5. g3 d6 6. Bg2 Nbd7 7. O-O e5 8. Qc2
Re8 9. dxe5 dxe5 10. Rd1 c6 11. Ng5 Qe7 12. Nge4 Nxe4 13. Nxe4 Nc5 14. Bg5 f6
15. Nxc5 Qxc5 16. Be3 Qe7 17. c5 Bf5 18. Qa4 Qf7 19. Rd2 Be6 20. Rad1 f5 21. b3
e4 22. Bd4 Bd5 23. e3 a6 24. Bf1 Rad8 25. Bxg7 Kxg7 26. Bc4 Qe6 27. Bxd5 cxd5
28. Qd4+ Kf7 29. b4 Rd7 30. a4 Red8 31. b5 axb5 32. axb5 Rc7 33. Qb4 g5 34. Rc2
f4 35. exf4 gxf4 36. Qd2 e3 37. Qd4 Qf5 38. Qxf4 Qxf4 39. gxf4 exf2+ 40. Kxf2 d4
41. c6 bxc6 42. Rxc6 Rxc6 43. bxc6 Rc8 44. Rc1 Ke6 45. Kf3 Kd6 46. Ke4 Rxc6 47.
Rxc6+ Kxc6 48. Kxd4 Kd6 49. f5 h6 50. Ke4 Ke7 51. Ke5 Kf7 52. h4 h5 53. f6 Kf8
54. Kf5 Kg8 55. Kg6 Kf8 56. Kxh5 Kf7 57. Kg5 1-0

[Event "FIDE World Bl Team Final"]
[Site "Almaty KAZ"]
[Date "2024.08.05"]
[Round "1.1"]
[White "Khassenov, Mansur"]
[Black "Mero, Aghiad."]
[Result "1-0"]
[WhiteElo "1982"]
[BlackElo "1817"]
[WhiteTeam "Royal Chess"]
[BlackTeam "GMHans.com"]
[WhiteFideId "13768700"]
[BlackFideId "7608420"]
[EventDate "2024.08.05"]

1. c4 c6 2. d4 d5 3. cxd5 cxd5 4. Bf4 Nf6 5. e3 Nc6 6. Nf3 a6 7. Nc3 Bg4 8. Be2
e6 9. Qb3 Bb4 10. O-O O-O 11. h3 Bh5 12. Rac1 Qe7 13. Na4 Ne4 14. a3 Ba5 15. Qd1
Rac8 16. b4 Bc7 17. Bxc7 Rxc7 18. Nc5 Nxc5 19. bxc5 Rd8 20. Rb1 Bxf3 21. Bxf3 e5
22. Qa4 f5 23. Rfd1 e4 24. Be2 f4 25. exf4 e3 26. f3 Qf6 27. g3 h5 28. h4 Ne7
29. Bd3 Nf5 30. Bxf5 Qxf5 31. Qb3 Re8 32. Kg2 e2 33. Re1 Rce7 34. Rb2 Re3 35.
Qxb7 Qd3 36. Qxd5+ Kf8 37. Qd6+ Kg8 38. Qd5+ Kf8 39. Rb7 R3e6 40. Qxh5 R8e7 41.
Rb8+ Re8 42. Rxe8+ Rxe8 43. Qh8+ Kf7 44. Qh5+ Kf8 45. Qd5 Qd2 46. Qf5+ Kg8 47.
Qd5+ Kf8 48. Qf5+ Kg8 49. Qb1 Qxd4 50. Qa2+ Kh7 51. Rxe2 Rc8 52. Qc2+ Kh8 53. c6
Qd6 54. Rd2 Qxa3 55. Qf5 Rf8 56. Qd5 Qe3 57. c7 Kh7 58. Qd8 Qxd2+ 1-0

[Event "FIDE World Bl Team Final"]
[Site "Almaty KAZ"]
[Date "2024.08.05"]
[Round "1.2"]
[White "Bilguun, Sumiya"]
[Black "Carlsen, Magnus"]
[Result "0-1"]
[WhiteTitle "GM"]
[BlackTitle "GM"]
[WhiteElo "2470"]
[BlackElo "2832"]
[WhiteTeam "Hunnu Air"]
[BlackTeam "WR Chess Team"]
[WhiteFideId "4901541"]
[BlackFideId "1503014"]
[EventDate "2024.08.05"]

1. e4 g6 2. d4 d6 3. Nc3 c6 4. Be3 Nf6 5. Nf3 Nbd7 6. Bd3 Bg7 7. h3 e5 8. dxe5
dxe5 9. Qd2 Qe7 10. O-O-O Nc5 11. Bh6 O-O 12. Bxg7 Kxg7 13. h4 Bg4 14. Qe3 b5
15. Kb1 a5 16. Ne2 a4 17. Nh2 Bxe2 18. Bxe2 a3 19. b3 Ncxe4 20. Bf3 Nd5 21. Rxd5
cxd5 22. Bxe4 dxe4 23. h5 f5 24. Ng4 fxg4 25. hxg6 h5 26. Rxh5 Rh8 27. Rh7+ Rxh7
28. gxh7 Rd8 29. Kc1 Kh8 30. c3 Qd6 31. Qxe4 Qd1# 0-1

[Event "FIDE World Bl Team Final"]
[Site "Almaty KAZ"]
[Date "2024.08.05"]
[Round "1.2"]
[White "Duda, Jan-Krzysztof"]
[Black "Chinguun, Sumiya"]
[Result "1-0"]
[WhiteTitle "GM"]
[BlackTitle "FM"]
[WhiteElo "2733"]
[BlackElo "2389"]
[WhiteTeam "WR Chess Team"]
[BlackTeam "Hunnu Air"]
[WhiteFideId "1170546"]
[BlackFideId "4902572"]
[EventDate "2024.08.05"]

1. e4 c5 2. Nf3 d6 3. Bc4 e6 4. c3 Nf6 5. d3 Nc6 6. Bb3 Be7 7. O-O O-O 8. Re1 e5
9. Bg5 h6 10. Bxf6 Bxf6 11. Nbd2 Be6 12. Bxe6 fxe6 13. b4 b6 14. b5 Ne7 15. a4
Ng6 16. g3 d5 17. a5 Qd7 18. Qb3 Kh7 19. h4 Qd6 20. axb6 axb6 21. Ra6 dxe4 22.
dxe4 Bxh4 23. gxh4 Nf4 24. Nc4 Nh3+ 25. Kh2 Qe7 26. Ncxe5 Nxf2 27. Rxa8 Rxa8 28.
Kg3 Rf8 29. Qc2 Qc7 30. Qxf2 Rxf3+ 31. Qxf3 Qxe5+ 32. Kg2 c4 33. h5 Qg5+ 34. Kh3
Qxb5 35. e5 Qb2 36. Rd1 1-0

[Event "FIDE World Bl Team Final"]
[Site "Almaty KAZ"]
[Date "2024.08.05"]
[Round "1.2"]
[White "Agibileg, Uurtsaikh"]
[Black "Abdusattorov, Nodirbek"]
[Result "0-1"]
[WhiteTitle "IM"]
[BlackTitle "GM"]
[WhiteElo "2411"]
[BlackElo "2762"]
[WhiteTeam "Hunnu Air"]
[BlackTeam "WR Chess Team"]
[WhiteFideId "4901606"]
[BlackFideId "14204118"]
[EventDate "2024.08.05"]

1. d4 Nf6 2. c4 g6 3. Nc3 d5 4. cxd5 Nxd5 5. e4 Nxc3 6. bxc3 Bg7 7. Bc4 O-O 8.
Ne2 Nc6 9. O-O Na5 10. Bd3 e5 11. Be3 b6 12. Rc1 Qe7 13. Qd2 Be6 14. d5 Bd7 15.
c4 Nb7 16. h4 Nc5 17. h5 f5 18. Bg5 Bf6 19. Bxf6 Qxf6 20. hxg6 fxe4 21. gxh7+
Kh8 22. Bb1 Rf7 23. Ng3 Rxh7 24. Nxe4 Qh4 25. f4 Rf8 26. Rf3 Bg4 27. Ng5 Rh6 28.
Qc3 Bxf3 29. Qxe5+ Kg8 30. Nxf3 Qxf4 31. Qxf4 Rxf4 32. a3 Kf8 33. Ng5 Ke7 34.
Re1+ Kd7 35. g3 Rf8 36. Kg2 Kc8 37. Nf3 Rhf6 38. Nd4 Rf2+ 0-1

[Event "FIDE World Bl Team Final"]
[Site "Almaty KAZ"]
[Date "2024.08.05"]
[Round "1.2"]
[White "Mungunzul, Bat-Erdene"]
[Black "Hou, Yifan"]
[Result "1/2-1/2"]
[WhiteTitle "WCM"]
[BlackTitle "GM"]
[WhiteElo "2224"]
[BlackElo "2633"]
[WhiteTeam "Hunnu Air"]
[BlackTeam "WR Chess Team"]
[WhiteFideId "4902831"]
[BlackFideId "8602980"]
[EventDate "2024.08.05"]

1. d4 Nf6 2. c4 e6 3. Nc3 d5 4. Nf3 Nbd7 5. Bg5 h6 6. Bh4 Be7 7. e3 O-O 8. Rc1
b6 9. cxd5 exd5 10. Bd3 Bb7 11. O-O c5 12. Bf5 Re8 13. Ne5 Nxe5 14. dxe5 Ne4 15.
Nxe4 dxe4 16. Bg3 Qd5 17. a3 Rad8 18. Qg4 Kh8 19. e6 fxe6 20. Bxe6 Qg5 21. Rfd1
Qxg4 22. Bxg4 Bf6 23. b3 Rd5 24. Rxd5 Bxd5 25. b4 c4 26. Rd1 c3 27. Bd7 Rd8 28.
Ba4 b5 29. Bc2 Bc6 30. Rxd8+ Bxd8 31. Kf1 a5 32. Bd6 axb4 33. Bxb4 Bf6 34. Ke2
Bd5 35. f3 Bc4+ 36. Ke1 Bd3 37. Kd1 Bf1 38. Bxe4 Bxg2 39. Kc2 Bg5 40. Bc5 Bf6
41. Bd4 Be7 42. Kb3 Bd6 43. h4 c2 44. Kxc2 Bxa3 45. Bc6 Be7 46. h5 b4 47. Kb3
Kg8 48. Bd5+ Kf8 49. Bb6 Bf1 50. Ba5 Be2 51. Bxb4 Bd1+ 52. Kc3 Bxb4+ 53. Kxb4
Ke7 54. Kc3 Kf6 55. Kd2 Ba4 56. f4 Kf5 57. Bf3 Be8 58. Ke2 Bb5+ 59. Kf2 Bd3 60.
Kg3 Bc2 61. Bg4+ Kf6 62. Kf2 Bb3 63. e4 Bc4 64. Ke3 Kf7 65. Kd4 Ba6 66. Kc5 Bd3
67. e5 Ke7 68. Kd4 Bc2 69. Kd5 Bb3+ 70. Kd4 Bc2 71. Bf3 Bb3 72. Bg4 Bc2 73. f5
Bb3 74. Ke3 Bc2 75. Kf4 Bb3 76. Bf3 Bc2 77. Be2 Bb3 78. Bf3 Bc2 79. Bg4 Bb3 80.
Bf3 1/2-1/2

[Event "FIDE World Bl Team Final"]
[Site "Almaty KAZ"]
[Date "2024.08.05"]
[Round "1.2"]
[White "Artemiev, Vladislav"]
[Black "Zhalmakhanov, Ramazan"]
[Result "1-0"]
[WhiteTitle "GM"]
[BlackTitle "IM"]
[WhiteElo "2699"]
[BlackElo "2497"]
[WhiteTeam "Al-Ain ACMG UAE"]
[BlackTeam "Astana-1"]
[WhiteFideId "24101605"]
[BlackFideId "13706357"]
[EventDate "2024.08.05"]

1. Nf3 d6 2. d4 Bg4 3. e4 Nd7 4. Be2 c6 5. c4 Ngf6 6. Nc3 e5 7. Be3 Be7 8. d5
O-O 9. Nd2 Bxe2 10. Qxe2 g6 11. Bh6 Re8 12. O-O Nh5 13. Rad1 Bg5 14. Bxg5 Qxg5
15. Nf3 Qf6 16. dxc6 bxc6 17. Qd2 Re6 18. Ng5 Re7 19. h4 Nb6 20. Qxd6 Nxc4 21.
Qc5 Nb6 22. Rd6 Qf4 23. Rxc6 Rae8 24. Rc7 Nd7 25. Qe3 Ndf6 26. Rxe7 Rxe7 27.
Qxf4 Nxf4 28. Rd1 Rb7 29. Rd2 h6 30. Nf3 Ng4 31. Kf1 Kg7 32. g3 Ne6 33. Ne1 Nd4
34. Nd3 Nf3 35. Rd1 Rd7 36. Nc5 Rc7 37. b4 Nd4 38. Nd5 Rc6 39. a3 f5 40. exf5
gxf5 41. Kg2 Rd6 42. Ne3 Kg6 43. Nc4 Rd5 44. f3 Nf6 45. Nxe5+ Rxe5 46. Rxd4 Re2+
47. Kf1 Re3 48. Rd3 Re5 49. Rd6 Kf7 50. Rxf6+ 1-0

[Event "FIDE World Bl Team Final"]
[Site "Almaty KAZ"]
[Date "2024.08.05"]
[Round "1.2"]
[White "Urazayev, Arystanbek"]
[Black "Andreikin, Dmitry"]
[Result "0-1"]
[WhiteTitle "IM"]
[BlackTitle "GM"]
[WhiteElo "2466"]
[BlackElo "2729"]
[WhiteTeam "Astana-1"]
[BlackTeam "Al-Ain ACMG UAE"]
[WhiteFideId "13709810"]
[BlackFideId "4158814"]
[EventDate "2024.08.05"]

1. e4 c5 2. Nf3 Nc6 3. Bb5 Nf6 4. e5 Ng4 5. Bxc6 dxc6 6. h3 Nh6 7. O-O Nf5 8. d3
Nd4 9. Nc3 Bf5 10. Re1 e6 11. Ne4 Be7 12. Nxd4 Qxd4 13. Ng3 Bg6 14. a4 c4 15.
Be3 Qxe5 16. dxc4 Rd8 17. Qc1 Qa5 18. Nf1 O-O 19. Nd2 Rd7 20. Nb3 Qb4 21. Rd1
Rfd8 22. Rxd7 Rxd7 23. Bxa7 Qxc4 24. Qe3 Qxc2 25. Bd4 h6 26. Rc1 Qf5 27. Qg3 Bd6
28. Qc3 Bf4 29. Re1 e5 30. Bc5 Rd3 31. Qb4 Qe6 32. Nd4 Qd5 33. Nf3 e4 0-1

[Event "FIDE World Bl Team Final"]
[Site "Almaty KAZ"]
[Date "2024.08.05"]
[Round "1.2"]
[White "Maghsoodloo, Parham"]
[Black "Agmanov, Zhandos"]
[Result "1/2-1/2"]
[WhiteTitle "GM"]
[BlackTitle "IM"]
[WhiteElo "2723"]
[BlackElo "2458"]
[WhiteTeam "Al-Ain ACMG UAE"]
[BlackTeam "Astana-1"]
[WhiteFideId "12539929"]
[BlackFideId "13708309"]
[EventDate "2024.08.05"]

1. d4 Nf6 2. Nf3 d5 3. Bf4 c5 4. e3 Nc6 5. Nbd2 Bg4 6. c3 e6 7. h3 Bh5 8. Qa4
Nd7 9. Bb5 Qc8 10. g4 Bg6 11. Nh4 c4 12. Nxg6 hxg6 13. Qd1 Nb6 14. a4 a6 15.
Bxc6+ Qxc6 16. a5 Nd7 17. b3 cxb3 18. Qxb3 Bd6 19. Bxd6 Qxd6 20. Qa3 Qc7 21. Rb1
Rc8 22. c4 Nf6 23. cxd5 exd5 24. Ke2 Qd7 25. Rb6 Nxg4 26. Rhb1 Qf5 27. f3 Rxh3
28. Rxb7 Rh2+ 29. Ke1 Rh1+ 30. Ke2 Rh2+ 31. Ke1 Rh1+ 32. Ke2 Rh2+ 33. Ke1 1/2-1/2

[Event "FIDE World Bl Team Final"]
[Site "Almaty KAZ"]
[Date "2024.08.05"]
[Round "1.2"]
[White "Kamalidenova, Meruert"]
[Black "Lagno, Kateryna"]
[Result "1-0"]
[WhiteTitle "IM"]
[BlackTitle "GM"]
[WhiteElo "2352"]
[BlackElo "2532"]
[WhiteTeam "Astana-1"]
[BlackTeam "Al-Ain ACMG UAE"]
[WhiteFideId "13712802"]
[BlackFideId "14109336"]
[EventDate "2024.08.05"]

1. e4 e5 2. Nf3 Nc6 3. Bb5 a6 4. Ba4 Nf6 5. O-O Be7 6. d3 b5 7. Bb3 O-O 8. c3 d6
9. Nbd2 h6 10. Re1 Re8 11. Nf1 Bb7 12. Ng3 Na5 13. Bc2 c5 14. d4 cxd4 15. cxd4
exd4 16. Nxd4 Bf8 17. b3 d5 18. e5 Ne4 19. Ngf5 Rxe5 20. Bf4 Re8 21. Qg4 Kh8 22.
Qh3 Qf6 23. Be3 Rac8 24. Rad1 Bb4 25. Rf1 Bf8 26. Bd3 Rc3 27. Ne2 Rc7 28. Bd4
Qg6 29. Nf4 Qh7 30. Bb6 Bc8 31. Bxc7 Bxf5 32. Qf3 Nc6 33. Nxd5 Nd4 34. Qf4 Ne6
35. Qc1 Nxc7 36. Qxc7 Qg6 37. Nf4 Qg5 38. Qc6 Qxf4 39. Qxe8 Kh7 40. Qxf8 Bg6 41.
Bxe4 Qxe4 42. Rfe1 Qc2 43. Rd8 1-0

[Event "FIDE World Bl Team Final"]
[Site "Almaty KAZ"]
[Date "2024.08.05"]
[Round "1.2"]
[White "Al Maamari, Wafia Darwish"]
[Black "Anetov, Amirzhan"]
[Result "0-1"]
[WhiteTitle "WFM"]
[WhiteElo "1925"]
[BlackElo "1661"]
[WhiteTeam "Al-Ain ACMG UAE"]
[BlackTeam "Astana-1"]
[WhiteFideId "9305734"]
[BlackFideId "13784951"]
[EventDate "2024.08.05"]

1. Nf3 d5 2. b3 Nf6 3. Bb2 e6 4. g3 Be7 5. Bg2 O-O 6. O-O c5 7. d4 Nc6 8. Nbd2
b6 9. dxc5 Bxc5 10. e3 Bb7 11. Rc1 Qe7 12. c4 Rfd8 13. Qc2 Nb4 14. Qb1 dxc4 15.
bxc4 Nd3 16. Rcd1 Ne4 17. Nd4 Nxd2 18. Rxd2 Bxg2 19. Kxg2 Qb7+ 20. f3 Nxb2 21.
Qxb2 e5 22. Nc2 Rxd2+ 23. Rf2 Rxf2+ 24. Kxf2 f6 25. Kg2 Qd7 0-1

[Event "FIDE World Bl Team Final"]
[Site "Almaty KAZ"]
[Date "2024.08.05"]
[Round "1.2"]
[White "Ding, Liren"]
[Black "Utegaliyev, Azamat"]
[Result "1-0"]
[WhiteTitle "GM"]
[WhiteElo "2745"]
[BlackElo "2418"]
[WhiteTeam "Decade China Team"]
[BlackTeam "Greco"]
[WhiteFideId "8603677"]
[BlackFideId "13702467"]
[EventDate "2024.08.05"]

1. e4 d5 2. exd5 Qxd5 3. Nc3 Qd8 4. d4 g6 5. Nf3 Bg7 6. Bc4 Nf6 7. O-O O-O 8. h3
a6 9. a4 Nc6 10. Re1 b6 11. Bg5 Bb7 12. Qd2 Qd6 13. Rad1 Qb4 14. Bf1 Rad8 15. d5
Na5 16. Bf4 c6 17. d6 Nh5 18. dxe7 Rxd2 19. exf8=Q+ Bxf8 20. Bxd2 Qxb2 21. Re8
Ng7 22. Rb8 Qxc2 23. Bh6 Qxc3 24. Rdd8 Qc5 25. Ne5 Qe7 26. Nd7 1-0

[Event "FIDE World Bl Team Final"]
[Site "Almaty KAZ"]
[Date "2024.08.05"]
[Round "1.2"]
[White "Yu, Yangyi"]
[Black "Askarov, Bakhtiyar"]
[Result "0-1"]
[WhiteTitle "GM"]
[BlackTitle "IM"]
[WhiteElo "2703"]
[BlackElo "2280"]
[WhiteTeam "Decade China Team"]
[BlackTeam "Greco"]
[WhiteFideId "8603820"]
[BlackFideId "13701100"]
[EventDate "2024.08.05"]

1. e4 e6 2. d4 d5 3. Nc3 dxe4 4. Nxe4 Bd7 5. Nf3 Bc6 6. Bd3 Nd7 7. O-O Ngf6 8.
Ng3 g6 9. Qe2 Bg7 10. Rd1 Bxf3 11. Qxf3 c6 12. a4 a5 13. c3 O-O 14. h4 h5 15.
Bg5 Qb6 16. Qe2 Rfe8 17. Bc4 Qc7 18. Re1 Nb6 19. Bd3 Nbd5 20. Qf3 Ng4 21. Re2
Bf6 22. Bxf6 Ndxf6 23. Nf1 Rad8 24. Rae1 Kg7 25. g3 e5 26. Bb1 exd4 27. Rxe8
Rxe8 28. Rxe8 Nxe8 29. cxd4 Qd6 30. Qc3 Nef6 31. Bc2 b6 32. Nd2 Nd5 33. Qb3 Qe7
34. Qf3 Qb4 35. Nf1 Qxb2 36. Bb3 Qxd4 37. Bxd5 Qxd5 38. Qc3+ Kg8 39. Qb2 b5 40.
axb5 cxb5 41. Qc3 a4 42. Nd2 Qe5 43. Qc8+ Kg7 44. Qc1 b4 45. Nf3 Qc3 46. Qf4 a3
47. Ng5 Qf6 48. Qd2 b3 49. Ne4 Qe5 50. Nc3 a2 51. Nxa2 bxa2 52. Qxa2 Qd4 53. Kg2
Ne5 54. Qa8 Qc3 55. Qe4 Qc6 56. Qxc6 Nxc6 57. Kf3 Kf6 58. Kf4 Ne7 59. Ke4 Ke6
60. Kf4 f6 61. Ke4 Nd5 62. Kd4 f5 63. f3 Kd6 64. Kc4 Ke5 65. Kd3 f4 66. g4 Nf6
67. g5 Nd5 0-1

[Event "FIDE World Bl Team Final"]
[Site "Almaty KAZ"]
[Date "2024.08.05"]
[Round "1.2"]
[White "Aligozhin, Zhaslan"]
[Black "Ju, Wenjun"]
[Result "1/2-1/2"]
[WhiteTitle "FM"]
[BlackTitle "GM"]
[WhiteElo "2333"]
[BlackElo "2563"]
[WhiteTeam "Greco"]
[BlackTeam "Decade China Team"]
[WhiteFideId "13702734"]
[BlackFideId "8603006"]
[EventDate "2024.08.05"]

1. e4 e5 2. Nf3 Nc6 3. Nc3 Nf6 4. d4 exd4 5. Nxd4 Bb4 6. Nxc6 bxc6 7. Bd3 O-O 8.
O-O d5 9. exd5 cxd5 10. h3 c6 11. Qf3 Re8 12. Bf4 Bd6 13. Rad1 Be6 14. b3 c5 15.
Rfe1 Bxf4 16. Qxf4 Qb8 17. Qf3 h6 18. Na4 Qd6 19. Bf1 d4 20. c4 Bd7 21. Nb2 Bc6
22. Qg3 Qxg3 23. fxg3 Ne4 24. Nd3 a5 25. g4 a4 26. b4 Nc3 27. Rxe8+ Bxe8 28. Rd2
cxb4 29. Nxb4 Rd8 30. Nd5 Nxd5 31. Rxd4 Bc6 32. cxd5 Rxd5 33. Rxd5 Bxd5 34. a3
Kf8 35. Kf2 Ke7 36. Ke3 Kd6 37. Kd4 f6 38. g3 Bc6 39. Be2 Bd5 40. Bf1 Bc6 41.
Be2 Bg2 42. h4 Bc6 43. Bd1 Bb5 44. Bf3 Bd7 45. Bd1 Bb5 1/2-1/2

[Event "FIDE World Bl Team Final"]
[Site "Almaty KAZ"]
[Date "2024.08.05"]
[Round "1.2"]
[White "Xu, Xiangyu"]
[Black "Nasybullina, Alfia"]
[Result "1-0"]
[WhiteTitle "GM"]
[BlackTitle "WIM"]
[WhiteElo "2628"]
[BlackElo "2034"]
[WhiteTeam "Decade China Team"]
[BlackTeam "Greco"]
[WhiteFideId "8608288"]
[BlackFideId "4132416"]
[EventDate "2024.08.05"]

1. d4 f5 2. h4 Nf6 3. Bf4 d5 4. e3 e6 5. Nf3 Be7 6. Nbd2 c6 7. c3 Nbd7 8. Bd3
Ne4 9. h5 Ndf6 10. Ne5 O-O 11. f3 Nxd2 12. Kxd2 Bd7 13. g4 fxg4 14. Qg1 Be8 15.
Nxg4 Kh8 16. Ne5 Nxh5 17. Qg4 g6 18. Nxg6+ Bxg6 19. Bxg6 hxg6 20. Qxg6 Bh4 21.
Qxh5+ Kg8 22. Rag1+ 1-0

[Event "FIDE World Bl Team Final"]
[Site "Almaty KAZ"]
[Date "2024.08.05"]
[Round "1.2"]
[White "Teclaf, Pawel"]
[Black "Rapport, Richard"]
[Result "1/2-1/2"]
[WhiteTitle "GM"]
[BlackTitle "GM"]
[WhiteElo "2553"]
[BlackElo "2715"]
[WhiteTeam "Q4Rail Kingsofchess Krakow"]
[BlackTeam "Chessy"]
[WhiteFideId "1185934"]
[BlackFideId "738590"]
[EventDate "2024.08.05"]

1. Nf3 d5 2. e3 Nf6 3. c4 c6 4. Nc3 a6 5. h3 g6 6. b3 Bg7 7. Bb2 O-O 8. Be2 Re8
9. d4 Bf5 10. O-O Nbd7 11. Rc1 Ne4 12. cxd5 Nxc3 13. Bxc3 cxd5 14. Qd2 Be4 15.
Bb2 Qb6 16. Ne5 Bf5 17. Bd3 Nxe5 18. dxe5 Bxd3 19. Qxd3 e6 20. Bd4 Qa5 21. Rc5
Qa3 22. Qc2 Bf8 23. Rc7 Re7 24. Rxe7 Qxe7 25. Rc1 Rd8 26. Bb6 Re8 27. Qc7 Kg7
28. Qxe7 Rxe7 29. Rc8 Rd7 30. Kf1 Be7 31. Ke2 f6 1/2-1/2

[Event "FIDE World Bl Team Final"]
[Site "Almaty KAZ"]
[Date "2024.08.05"]
[Round "1.2"]
[White "Sarana, Alexey"]
[Black "Gareyev, Timur"]
[Result "1-0"]
[WhiteTitle "GM"]
[BlackTitle "GM"]
[WhiteElo "2717"]
[BlackElo "2541"]
[WhiteTeam "Chessy"]
[BlackTeam "Q4Rail Kingsofchess Krakow"]
[WhiteFideId "24133795"]
[BlackFideId "14200937"]
[EventDate "2024.08.05"]

1. d4 Nf6 2. c4 a6 3. Nc3 b5 4. e4 Bb7 5. e5 Ne4 6. Nf3 e6 7. Qc2 f5 8. exf6
Nxf6 9. cxb5 Be7 10. Be2 axb5 11. Nxb5 Na6 12. O-O O-O 13. a3 Rc8 14. Nc3 c5 15.
Be3 Ng4 16. Rad1 Qc7 17. Ne5 cxd4 18. Nxg4 dxe3 19. Nxe3 Nc5 20. b4 Na6 21. Rc1
Qe5 22. Qd2 Bg5 23. Ncd1 Qe4 24. Rxc8 Bxc8 25. Bd3 Qf4 26. g3 Qf3 27. Be2 Qb7
28. f4 Bf6 29. Qd6 Qa7 30. b5 Nc5 31. b6 Qxa3 32. Bf3 Qb4 33. Nf2 Ba6 34. Rc1
Bd4 35. Neg4 Qd2 36. Rd1 Bxf2+ 37. Nxf2 Qe3 38. Kg2 g5 39. Ng4 Qc3 40. Nh6+ Kg7
41. Qe7+ Kg6 42. Qxf8 Qc2+ 43. Kh3 Qxd1 44. Qf7+ 1-0

[Event "FIDE World Bl Team Final"]
[Site "Almaty KAZ"]
[Date "2024.08.05"]
[Round "1.2"]
[White "Bernadskiy, Vitaliy"]
[Black "Martirosyan, Haik M."]
[Result "1-0"]
[WhiteTitle "GM"]
[BlackTitle "GM"]
[WhiteElo "2530"]
[BlackElo "2667"]
[WhiteTeam "Q4Rail Kingsofchess Krakow"]
[BlackTeam "Chessy"]
[WhiteFideId "14100371"]
[BlackFideId "13306553"]
[EventDate "2024.08.05"]

1. e4 e5 2. Nf3 Nc6 3. Bb5 Nf6 4. O-O Nxe4 5. d4 Nd6 6. Bxc6 dxc6 7. dxe5 Nf5 8.
Qxd8+ Kxd8 9. h3 h5 10. Nc3 Be7 11. Rd1+ Ke8 12. a4 a5 13. Ne2 Nh4 14. Nxh4 Bxh4
15. Be3 Be7 16. Nd4 g5 17. Rd3 Rg8 18. Re1 Rg6 19. f3 h4 20. Bf2 Bd7 21. b3 Rd8
22. Red1 Bc8 23. Be3 Rd5 24. f4 gxf4 25. Bxf4 Bc5 26. Kf1 Be7 27. Kf2 Rd8 28.
Kf1 Rd5 29. Kf2 b6 30. c4 Rd8 31. Kf1 Bc5 32. Be3 Bxd4 33. Rxd4 Rxd4 34. Rxd4
Bf5 35. Rxh4 c5 36. Rh8+ Kd7 37. h4 Bc2 38. h5 Re6 39. h6 Rxe5 40. Bf4 Rh5 41.
Kf2 Rh1 42. g4 Be4 43. g5 Bc2 44. Rf8 Ke6 45. Bxc7 Bxb3 46. Rb8 Bxc4 47. Rxb6+
Kf5 48. Rc6 Bb3 49. Rxc5+ Ke4 50. Bxa5 Kd4 51. Bb6 Ke4 52. a5 Bd5 53. a6 Rh2+
54. Kg3 Ra2 55. Rxd5 Kxd5 56. h7 Ra3+ 57. Kg4 Ra4+ 58. Kg3 Ra3+ 59. Kg2 Ra2+ 60.
Bf2 1-0

[Event "FIDE World Bl Team Final"]
[Site "Almaty KAZ"]
[Date "2024.08.05"]
[Round "1.2"]
[White "Vidit, Santosh Gujrathi"]
[Black "Gumularz, Szymon"]
[Result "1-0"]
[WhiteTitle "GM"]
[BlackTitle "GM"]
[WhiteElo "2720"]
[BlackElo "2571"]
[WhiteTeam "Chessy"]
[BlackTeam "Q4Rail Kingsofchess Krakow"]
[WhiteFideId "5029465"]
[BlackFideId "1188062"]
[EventDate "2024.08.05"]

1. d4 d6 2. Nf3 Nf6 3. g3 g6 4. Bg2 Bg7 5. O-O O-O 6. c4 Nbd7 7. Nc3 e5 8. e4 b6
9. Re1 exd4 10. Nxd4 Bb7 11. Be3 Rb8 12. f3 a6 13. b3 Re8 14. a4 c5 15. Nde2 Qc7
16. Qd2 Ne5 17. Rad1 Rbd8 18. Bg5 Rd7 19. Bh6 Nc6 20. Bxg7 Kxg7 21. Qb2 Kg8 22.
Rd2 Ne5 23. Red1 Qd8 24. h3 g5 25. Qc1 h6 26. Ra2 Ng6 27. Kh2 Qe7 28. Qe3 Qe5
29. Rad2 Kh7 30. Rd3 Nh5 31. Qd2 Re6 32. Nd5 Bxd5 33. Rxd5 Qg7 34. f4 Nf6 35. f5
Nxd5 36. fxe6 fxe6 37. exd5 exd5 38. Bxd5 Re7 39. Nc3 Ne5 40. Rf1 g4 41. h4 Nf3+
42. Bxf3 gxf3 43. Rxf3 Qg4 44. Qf4 1-0

[Event "FIDE World Bl Team Final"]
[Site "Almaty KAZ"]
[Date "2024.08.05"]
[Round "1.2"]
[White "Kulon, Klaudia"]
[Black "Muzychuk, Anna"]
[Result "1/2-1/2"]
[WhiteTitle "IM"]
[BlackTitle "GM"]
[WhiteElo "2415"]
[BlackElo "2525"]
[WhiteTeam "Q4Rail Kingsofchess Krakow"]
[BlackTeam "Chessy"]
[WhiteFideId "1131044"]
[BlackFideId "14111330"]
[EventDate "2024.08.05"]

1. c4 c6 2. g3 d5 3. Bg2 Nf6 4. Nf3 g6 5. b3 Bg7 6. Bb2 O-O 7. O-O a5 8. d3 a4
9. b4 b5 10. c5 Nbd7 11. a3 Re8 12. Nbd2 e5 13. e4 Qc7 14. Re1 d4 15. Nh4 Nf8
16. h3 Bd7 17. Rf1 Ne6 18. Qe2 Rf8 19. Rae1 Rae8 20. Ndf3 Kh8 21. Nh2 Ng8 22.
Bc1 Qd8 23. Bf3 Bf6 24. Ng2 Bg5 25. Bg4 Bxc1 26. Rxc1 Ng5 27. h4 Ne6 28. f4 exf4
29. gxf4 f5 30. Bh3 Nf6 31. Nf3 Nh5 32. Qb2 Qf6 33. e5 Qd8 34. Nxd4 Nxd4 35.
Qxd4 Be6 36. Qd6 Bd5 37. Qxd8 Rxd8 38. Ne3 Ng3 39. Rf2 Be6 40. Rd1 Rd4 41. Nc2
Rd7 42. Bg2 Rc8 43. Kh2 Nh5 44. d4 Bb3 45. Rd3 Bxc2 46. Rxc2 Nxf4 47. Rd1 Kg7
48. d5 Nxd5 49. Bxd5 Rxd5 50. Rxd5 cxd5 51. Rd2 Rd8 52. c6 Kf7 53. c7 Rc8 54.
Rxd5 Rxc7 55. Rxb5 Rc3 56. Rb7+ Ke6 57. Rxh7 Kxe5 58. Rg7 Kf6 59. Ra7 Rxa3 60.
b5 Ke5 61. Kg2 Kd5 62. Ra6 Rb3 63. Rxg6 Rxb5 64. Ra6 Rb4 65. h5 Kc4 66. Kg3 Kb3
67. h6 Rb7 68. Kf4 Rf7 69. Rb6+ Kc2 70. Rc6+ Kb3 71. Rb6+ Ka2 72. Ra6 a3 73. Kg5
f4 74. Kg6 Rf8 75. Kg7 Rc8 76. Rf6 Kb2 77. Rxf4 a2 78. Rf2+ Rc2 79. Rf1 Rc1 80.
Rf2+ Rc2 81. Rf1 Rc1 82. Rf2+ 1/2-1/2